Модель возбуждения пейсмекерных кардиомиоцитов проводящей системы сердца; Молодой ученый; № 10 (90)
| Parent link: | Молодой ученый: ежемесячный научный журнал.— , 2008- № 10 (90).— 2015.— [С. 178-188] |
|---|---|
| Hovedforfatter: | |
| Institution som forfatter: | |
| Andre forfattere: | |
| Summary: | Заглавие с экрана В статье в статье описаны модели пассивных механических свойств кардиомиоцитов, модели их активного механического поведения, а также и модель электрической активности миоцитов. Графический ход распространения импульса возбуждения по мышце сердца более точно раскрывает понимание механизма возникновения аритмий. Перечисленные модели обладают способностью визуализировать сущность динамики возбуждения. |
| Sprog: | russisk |
| Udgivet: |
2015
|
| Serier: | Технические науки |
| Fag: | |
| Online adgang: | http://www.moluch.ru/archive/90/18626/ |
| Format: | MixedMaterials Electronisk Book Chapter |
| KOHA link: | https://koha.lib.tpu.ru/cgi-bin/koha/opac-detail.pl?biblionumber=643430 |
MARC
| LEADER | 00000nla0a2200000 4500 | ||
|---|---|---|---|
| 001 | 643430 | ||
| 005 | 20250221143919.0 | ||
| 035 | |a (RuTPU)RU\TPU\network\8422 | ||
| 090 | |a 643430 | ||
| 100 | |a 20150909d2015 k||y0rusy50 ca | ||
| 101 | 0 | |a rus | |
| 102 | |a RU | ||
| 135 | |a drcn ---uucaa | ||
| 181 | 0 | |a i | |
| 182 | 0 | |a b | |
| 200 | 1 | |a Модель возбуждения пейсмекерных кардиомиоцитов проводящей системы сердца |f М. Г. Григорьев, Л. Н. Бабич | |
| 203 | |a Текст |c электронный | ||
| 225 | 1 | |a Технические науки | |
| 300 | |a Заглавие с экрана | ||
| 320 | |a [Библиогр.: с. 184 (24 назв.)] | ||
| 330 | |a В статье в статье описаны модели пассивных механических свойств кардиомиоцитов, модели их активного механического поведения, а также и модель электрической активности миоцитов. Графический ход распространения импульса возбуждения по мышце сердца более точно раскрывает понимание механизма возникновения аритмий. Перечисленные модели обладают способностью визуализировать сущность динамики возбуждения. | ||
| 461 | |t Молодой ученый |o ежемесячный научный журнал |d 2008- | ||
| 463 | |t № 10 (90) |v [С. 178-188] |d 2015 | ||
| 610 | 1 | |a электронный ресурс | |
| 610 | 1 | |a труды учёных ТПУ | |
| 700 | 1 | |a Григорьев |b М. Г. |c специалист в области неразрушающего контроля |c инженер Томского политехнического университета |f 1990- |g Михаил Георгиевич |3 (RuTPU)RU\TPU\pers\30682 | |
| 701 | 1 | |a Бабич |b Л. Н. |g Людмила Николаевна | |
| 712 | 0 | 2 | |a Национальный исследовательский Томский политехнический университет (ТПУ) |b Институт неразрушающего контроля (ИНК) |b Лаборатория № 63 (Медицинского приборостроения) |3 (RuTPU)RU\TPU\col\19731 |
| 801 | 2 | |a RU |b 63413507 |c 20150909 |g RCR | |
| 856 | 4 | 0 | |u http://www.moluch.ru/archive/90/18626/ |
| 942 | |c CF | ||